Chaar chaman (Record no. 16813)
[ view plain ]
| 000 -LEADER | |
|---|---|
| fixed length control field | 00269nam a22001217a 4500 |
| 008 - FIXED-LENGTH DATA ELEMENTS--GENERAL INFORMATION | |
| fixed length control field | 140107t xxu||||| |||| 00| 0 eng d |
| 020 ## - INTERNATIONAL STANDARD BOOK NUMBER | |
| International Standard Book Number | 969-35-0904-8 |
| 100 ## - MAIN ENTRY--PERSONAL NAME | |
| Personal name | Bano Qudsiya |
| 9 (RLIN) | 542 |
| 245 ## - TITLE STATEMENT | |
| Title | Chaar chaman |
| 246 ## - VARYING FORM OF TITLE | |
| Title proper/short title | char chaman |
| 300 ## - PHYSICAL DESCRIPTION | |
| Extent | 250 |
| 942 ## - ADDED ENTRY ELEMENTS (KOHA) | |
| Source of classification or shelving scheme | |
| Koha item type | Book |
| Withdrawn status | Lost status | Source of classification or shelving scheme | Damaged status | Not for loan | Collection code | Permanent Location | Current Location | Date acquired | Total Checkouts | Full call number | Barcode | Date last seen | Price effective from | Koha item type | Date last checked out |
|---|---|---|---|---|---|---|---|---|---|---|---|---|---|---|---|
| Atta-ur-Rahman School of Applied Biosciences (ASAB) | Atta-ur-Rahman School of Applied Biosciences (ASAB) | 01/07/2014 | Fic Qudsiya | ASAB2892 | 01/07/2014 | 01/07/2014 | Book | ||||||||
| Atta-ur-Rahman School of Applied Biosciences (ASAB) | Atta-ur-Rahman School of Applied Biosciences (ASAB) | 01/07/2014 | 1 | Fic Qudsiya | ASAB2891 | 08/31/2016 | 01/07/2014 | Book | 06/14/2016 | ||||||
| Atta-ur-Rahman School of Applied Biosciences (ASAB) | Atta-ur-Rahman School of Applied Biosciences (ASAB) | 01/07/2014 | Fic Qudsiya | ASAB2890 | 01/07/2014 | 01/07/2014 | Book | ||||||||
| Atta-ur-Rahman School of Applied Biosciences (ASAB) | Atta-ur-Rahman School of Applied Biosciences (ASAB) | 01/07/2014 | Fic Qudsiya | ASAB2889 | 01/07/2014 | 01/07/2014 | Book | ||||||||
| Atta-ur-Rahman School of Applied Biosciences (ASAB) | Atta-ur-Rahman School of Applied Biosciences (ASAB) | 01/07/2014 | Fic Qudsiya | ASAB2888 | 12/16/2015 | 01/07/2014 | Book |
